<?xml version="1.0" encoding="UTF-8"?>
<marc:record xmlns:marc="http://www.loc.gov/MARC21/slim">
   <marc:leader>00000nam a2200000 a 4500</marc:leader>
   <marc:datafield ind1="1" ind2=" " tag="100">
      <marc:subfield code="a">Bond, Ash</marc:subfield>
      <marc:subfield code="4">aut</marc:subfield>
      <marc:subfield code="e">Verfasser/-in</marc:subfield>
   </marc:datafield>
   <marc:datafield ind1="0" ind2="0" tag="245">
      <marc:subfield code="a">Peregrine Quinn - Chaos auf dem Olymp</marc:subfield>
   </marc:datafield>
   <marc:datafield ind1="0" ind2="0" tag="245">
      <marc:subfield code="c">Ash Bond</marc:subfield>
   </marc:datafield>
   <marc:datafield ind1=" " ind2="1" tag="264">
      <marc:subfield code="a">München</marc:subfield>
      <marc:subfield code="b">Omnibus</marc:subfield>
      <marc:subfield code="c">2024</marc:subfield>
   </marc:datafield>
   <marc:datafield ind1="1" ind2=" " tag="520">
      <marc:subfield code="a">Eine Baumnymphe aus dem kosmischen Reich? Peregrine ist noch nie einem magischen Wesen begegnet! Mal abgesehen von Daedalus, ihrem Patenonkel. Doch als die Portale, die das irdische Reich vom kosmischen trennen, plötzlich ausfallen, und ausgerechnet Daedalus, der Einzige, der sie reparieren könnte, entführt wird, ändert sich alles. Jetzt muss Peregrine feststellen, dass die Kreaturen aus den Geschichten ihres Patenonkels nicht nur real sind, sondern auch mit Laserpistolen auf sie schießen. Eine rasante Action-Achterbahnfahrt führt Peregrine durch die Straßen von Oxford, die Flüsse Londons und in den Untergrund. Zum Glück bekommt sie Hilfe aus dem Reich der Unsterblichen: die Baumnymphe Rowan und der Faun Cal sind an ihrer Seite. Doch die Zeit läuft ab und das Schicksal beider Reiche liegt nun in Peregrines Händen ...</marc:subfield>
   </marc:datafield>
   <marc:datafield ind1=" " ind2=" " tag="020">
      <marc:subfield code="a">9783570181713</marc:subfield>
      <marc:subfield code="9">9783570181713</marc:subfield>
   </marc:datafield>
   <marc:datafield ind1=" " ind2=" " tag="041">
      <marc:subfield code="a">ger</marc:subfield>
   </marc:datafield>
   <marc:datafield ind1=" " ind2=" " tag="300">
      <marc:subfield code="a">363 S.</marc:subfield>
   </marc:datafield>
</marc:record>
